000 00271nam a2200109Ia 4500
008 220204s9999 xx 000 0 und d
082 _a331.7(340)
_bAHU
100 _aAhuja, B N
245 0 _aCareer opportunities in India
260 _aNew Delhi
_bVarma
_c1978
942 _cBK
999 _c29475
_d29475